| 000 | 04374namaa22004211i 4500 | ||
|---|---|---|---|
| 003 | OSt | ||
| 005 | 20260302084732.0 | ||
| 008 | 250827s2024 ua a|||frm||| 000 0 eng d | ||
| 040 |
_aEG-GICUC _bara _cEG-GICUC _dEG-GICUC _erda |
||
| 041 | 0 |
_aara _bara _beng |
|
| 049 | _aإيداع | ||
| 082 | 0 | 4 | _a302.544 |
| 092 |
_a302.544 _221 |
||
| 097 | _aمــــاجستير | ||
| 099 | _aCai01.02.01.M.A.2024.مه.ت | ||
| 100 | 0 |
_a،مها محمد إسماعيل عبد الحافظ _eإعداد. |
|
| 245 | 1 | 2 |
_aالتحليل السوسيولوچي لظاهرة الاغتراب الثقافي : _bدراسة تطبيقية على عينة من شرائح الشباب المصري / _cإعداد مها محمد إسماعيل عبد الحافظ؛ إشراف أ.د/ أحمد مجدي حجازي، أ.د/ أمل حسن أحمد فراج. |
| 246 | 1 | 5 |
_aThe sociological analysis of cultural alienation phenomenon : _bAn applied study on a sample an egyptian youth classes / |
| 264 | 0 | _c2024. | |
| 300 |
_a257 صفحة : _bإيضاحيات ؛ _c25 cm. + _eCD. |
||
| 336 |
_atext _2rda content |
||
| 337 |
_aUnmediated _2rdamedia |
||
| 338 |
_avolume _2rdacarrier |
||
| 502 | _aأطروحة (ماجستير)-جامعة القاهرة، 2024. | ||
| 504 | _aبليوجرافيا: صفحات 232-240. | ||
| 520 | _aهدف الدراسة التعرف على التحليل السوسيولوجي للعوامل المشكلة للاغتراب الثقافي لدى الشباب، ورصد مظاهر اغتراب الشباب المصري بشرائحه المختلفة، وتحديد أوجه التباين بين الشرائح الشبابية المختلفة في الشعور بالاغتراب الثقافي. ولقد اعتمدت الدراسة على مدخل الثقافة الفرعية، ونظرية التحديث، ونظرية الغرس الثقافي، ونظرية الممارسة عند بيربرديو، والمفهوم الهابرمس في تشكيل المشاركة السياسية لدى الشباب، والعولمة الثقافية، ونظرية مجتمع المخاطر، واعتمدت الدراسة على المنهج الوصفي التحليلي، وتم استخدام أداة الاستبيان، كما أجريت الدراسة على عينة حجمها 250 مفردة من الشباب المصري.نتائج الدراسة: يعاني معظم الشباب المصري من اغتراب ثقافي، أسهم الإعلام في انتشار الاغتراب الثقافي لدى الشباب المصري. | ||
| 520 | _aThe aim of the study is to identify the sociological analysis of the factors constituting cultural alienation among young people, monitor the manifestations of alienation of Egyptian youth in its different segments, and identify the differences between the different youth segments in the sense of cultural alienation. The study relied on the entrance to the subculture, the theory of modernization, the theory of cultural implantation, the theory of practice when Berberdieu, the concept of haberms in the formation of political participation among young people, cultural globalization, and the theory of the risk society, and the study relied on the descriptive analytical approach, and the questionnaire tool was used, and the study was conducted on a sample of 250 individuals of Egyptian youth. The results of the study: Most Egyptian youth suffer from cultural alienation, the media contributed to the spread of cultural alienation among Egyptian youth. | ||
| 530 | _aصدر أيضًا كقرص مدمج. | ||
| 546 | _aالنص بالعربية والملخص باللغة الإنجليزية والعربية. | ||
| 650 | 7 |
_aالاغتراب _2qrmak |
|
| 653 | 0 |
_aالاغتراب الثقافي _aالشباب _aالاختراق الثقافي |
|
| 700 | 0 |
_aأحمد مجدي حجازي _eمشرف أطروحة. |
|
| 700 | 0 |
_aأمل حسن أحمد فراج _eمشرف أطروحة. |
|
| 900 |
_b25-09-2024 _cأحمد مجدي حجازي _cأمل حسن أحمد فراج _dنجلاء محمود رؤوف السيد المصيلحى _dفاطمة الزهراء على أمين _Uجامعة القاهرة _Fكلية الآداب _Dقسم علم الاجتماع |
||
| 905 |
_aSara _eAfaf |
||
| 942 |
_2ddc _cTH _e21 _n0 |
||
| 999 | _c178268 | ||